Представление документа в формате MARC21

Поле Инд. ПП Название Значение
Тип записи a
Библиографический уровень m
001 _ Контрольный номер RU/ЭБС IPR BOOKS/82709
005 Дата корректировки 20250915131006.6
008 Кодируемые данные 211122s2019 RU y f j 000 1 rus u
020 a ISBN 978-5-9614-1959-7
040 c Служба, преобразующая запись ЭБС IPR BOOKS
041 a Код языка текста rus
044 a Код страны публикации RU
080 a Индекс УДК 65
084 2 Источник индекса rubbk
a Индекс другой классификации/Индекс ББК 65.29
100 1_ a Автор Стацевич, Е.
4 Код отношения 070
245 a Заглавие Манипуляции в деловых переговорах: Практика противодействия
c Ответственность Е. Стацевич, К. Гуленков, И. Сорокина
250 g 2022-03-26
a Основные сведения об издании Манипуляции в деловых переговорах: Практика противодействия
256 a Характеристики компьютерного файла Электрон. дан. (1 файл)
260 a Место издания Москва
b Издательство Альпина Паблишер
c Дата издания 2019
300 a Объем 152 с.
500 a Примечание Книга находится в премиум-версии ЭБС IPR BOOKS.
516 a Прим. о типе комп. файла/ данных Текст
520 a Аннотация Эта книга учит распознавать психологические манипуляции и находить на них достойный ответ. Авторы выделяют манипуляции давления, дипломатические, логические, с привлечением третьих лиц и иллюстрируют их яркими примерами из практики российской деловой жизни. Предлагаемые приемы противодействия будут полезны всем, кто хочет научиться отстаивать собственные интересы и поддерживать отношения с партнерами.
521 a Примеч. о целев. назн. Лицензия до 26.03.2022
538 a Прим. о системных особенностях электронный
653 a Ключевые слова психологическая манипуляция
653 a Ключевые слова деловые переговоры
653 a Ключевые слова дипломатическая манипуляция
653 a Ключевые слова логическая манипуляция
653 a Ключевые слова прием
700 1_ a Другие авторы Гуленков, К.
4 Код отношения 070
700 1_ a Другие авторы Сорокина, И.
4 Код отношения 070
856 4_ u URL http://www.iprbookshop.ru/82709.html
z Примечание для пользователя Участвует в КО